000
00304nam a22001337a 4500
008
181031b xxu||||| |||| 00| 0 eng d
020
_a
9780312094461
041
_a
eng
080
_a
371
100
_a
46
101
_a
EDU
245
_a
Reading Critically, Writing Well
_c
Axelrod, R.B
942
_2
udc
_c
BK
999
_c
51361
_d
51361